تماشا میرے آگے / (Record no. 174332)
[ view plain ]
| 000 -LEADER | |
|---|---|
| fixed length control field | 00697nam a22002417a 4500 |
| 005 - DATE AND TIME OF LATEST TRANSACTION | |
| control field | 20200605144816.0 |
| 010 ## - LCCN (DPL NO) | |
| LC control number | B-283884 |
| 020 ## - INTERNATIONAL STANDARD BOOK NUMBER | |
| Terms of availability | 200.00 |
| 035 ## - SYSTEM CONTROL NUMBER | |
| System control number | B-283884 |
| 037 ## - SOURCE OF ACQUISITION | |
| Source of stock number/acquisition | Cen Lib/Ret |
| 082 ## - DEWEY DECIMAL CLASSIFICATION NUMBER | |
| Classification number | 842 |
| 100 ## - MAIN ENTRY--PERSONAL NAME | |
| Personal name | زبیر رضوی |
| 245 ## - TITLE STATEMENT | |
| Title | تماشا میرے آگے / |
| Statement of responsibility, etc | زبیر رضوی |
| 246 ## - VARYING FORM OF TITLE | |
| Title proper/short title | Tamasha Mere Aage / |
| Remainder of title | by Zuber Rizvi |
| 260 ## - PUBLICATION, DISTRIBUTION, ETC. (IMPRINT) | |
| Place of publication, distribution, etc | New Delhi |
| Name of publisher, distributor, etc | Ghalib Institute |
| Date of publication, distribution, etc | 2007 ء |
| 270 ## - ADDRESS | |
| Address | Aiwan Ghalib Marg |
| City | New Delhi |
| Postal code | 110002 |
| 300 ## - PHYSICAL DESCRIPTION | |
| Extent | 418p. |
| Dimensions | 22cm(Hb) |
| 650 ## - SUBJECT ADDED ENTRY--TOPICAL TERM | |
| Topical term or geographic name as entry element | ادب -- اردو |
| Form subdivision | |
| 650 ## - SUBJECT ADDED ENTRY--TOPICAL TERM | |
| Topical term or geographic name as entry element | اردو افسانے |
| 650 ## - SUBJECT ADDED ENTRY--TOPICAL TERM | |
| Topical term or geographic name as entry element | Literature -- Urdu |
| 650 ## - SUBJECT ADDED ENTRY--TOPICAL TERM | |
| Topical term or geographic name as entry element | Urdu stories |
| 942 ## - ADDED ENTRY ELEMENTS (KOHA) | |
| Source of classification or shelving scheme | Dewey Decimal Classification |
| Item type | Urdu Bks |
| Classification part | 842 |
| Call number suffix | ت م ا |
| Withdrawn status | Lost status | Not for loan | Collection code | Home library | Current library | Date acquired | Source of acquisition | Cost, normal purchase price | Full call number | Barcode | Copy number | Cost, replacement price | Koha item type |
|---|---|---|---|---|---|---|---|---|---|---|---|---|---|
| Non-fiction | Central Library | Central Library | 05/06/2020 | BPPD/Ven. | 200.00 | 842 ت م ا | B-283884 | 1 | 200.00 | Urdu Bks |
